Vista normal Vista MARC

Entrada Materia (geográfica)

Número de registros utilizados en: 1

001 - CONTROL NUMBER

  • control field: 189233

003 - CONTROL NUMBER IDENTIFIER

  • control field: Co-BoUCM

005 - DATE AND TIME OF LATEST TRANSACTION

  • control field: 20260513113033.0

008 - FIXED-LENGTH DATA ELEMENTS

  • fixed length control field: 260513|| aca||aabn | a|a d

040 ## - CATALOGING SOURCE

  • Original cataloging agency: Co-BoUCM
  • Transcribing agency: Co-BoUCM

151 ## - HEADING--GEOGRAPHIC NAME

  • Geographic name: Nuevo Reino de Granada
  • General subdivision: Historia militar
  • Chronological subdivision: Siglo XVII

670 ## - SOURCE DATA FOUND

  • Source citation: Work cat.: (Co-BoUCM)326400: Arango Puerta, Mauricio 189229, Fuentes para la historia de la guerra contra los indios pijaos, 1602-1604 / , 2024